Načítá se...
Economics for UGC- NET/SLET and other competitive examination
| Hlavní autor: | |
|---|---|
| Médium: | Printed Book |
| Vydáno: |
New Delhi
Atlantic publishers
|
| LEADER | 00400nam a22001097a 4500 | ||
|---|---|---|---|
| 082 | |a 371.262 |b GUP.E | ||
| 100 | |a K R Gupta | ||
| 245 | |a Economics for UGC- NET/SLET and other competitive examination | ||
| 260 | |a New Delhi |b Atlantic publishers | ||
| 942 | |c BK | ||
| 999 | |c 5636 |d 5636 | ||
| 952 | |0 0 |1 0 |4 0 |6 371_262000000000000_GUP_E |7 0 |8 REF |9 6507 |a CAMPUS |b CAMPUS |d 2015-09-09 |l 0 |o 371.262 GUP.E |p 14468 |r 2015-09-09 |w 2015-09-09 |y BK | ||